00746cam a22002657a 4500003000500000005001700005008004100022010001000063011001000073020001500083035001000098040000900108082002000117110000800137245007700145260002400222300002000246410000800266490006000274650003200334650002500366700002100391810000800412830006000420CHAP20220817043630.0000229d1999 it a rn 00110 eng d a80188 a81160 a9251041512 a91622 cCHAP04a631.5bF33 v.152 aFAO10aUse and potential of wild plants in farm householdsc/by Heywood, Vernon aRome :bFAO,c1999. a111 p. :bilus. aFAO 0aGestión de sistemas de explotación agrícolav; 1514aAlimentosxValor nutritivo.14aPlantas comestibles.0 aHeywood, Vernon.0 aFAO00aGestión de sistemas de explotación agrícolav; 15